000 00960nam a22002537a 4500
001 0000003859
003 PPM
005 20260416123800.0
008 260416b ||||| |||| 00| 0 eng d
020 _a9679933784
_cRM20.00
_qPaperback
035 _a0000003859
040 _bMalay
_cPusat Penyelidikan Mineral, Jabtan Mineral Dan Geosains Malaysia
_dPPM
_eRDA
082 0 0 _222
_a354.595
_bLEE 2000
100 1 _aLee, Kiyau Loo
_eauthor
245 1 0 _aPengurusan Projek Sektor Awam : Dari Perspektif Praktikal /
_coleh Lee Kiyau Loo
260 1 _aKuala Lumpur :
_bInstitut Tadbiran Awam Negara,
_c2000
300 0 0 _axiv, 146 pages .:
_bsome colour, illustrations .;
_c21 cm
440 _aSiri Pengurusan INTAN
504 _aMengandungi rujukan bibliografi (p.: 133 - 135 ) dan indeks (p.: 143 - 146 )
650 1 0 _aPublic administration
_zMalaysia
650 2 0 _a Project management
_zMalaysia
710 2 _aInstitut Tadbiran Awam Negara
942 _2ddc
_cBK
999 _c27198
_d27198